Т. 1: пер. с 3-го нем. изд.; Теоретическая и практическая механика
| Parent link: | Теоретическая и практическая механика/ Ю. Л. Вейсбах. Т. 1.— , 1859-1864 |
|---|---|
| Další autoři: | |
| Shrnutí: | Печатать позволяется, с тем чтобы по отпечатании, представлено было в Цензурный Комитет, узаконенное число экземпляров. С. Петербург 2 Апреля дня, 1859 года. Цензор Палаузов Текст в русской дореформенной орфографии Раздельная пагинация страниц |
| Jazyk: | ruština |
| Vydáno: |
1859
|
| Témata: | |
| Médium: | MixedMaterials Kniha |
| KOHA link: | https://koha.lib.tpu.ru/cgi-bin/koha/opac-detail.pl?biblionumber=294743 |
MARC
| LEADER | 00000nam2a2200000 4500 | ||
|---|---|---|---|
| 001 | 294743 | ||
| 005 | 20231102000732.0 | ||
| 035 | |a (RuTPU)RU\TPU\book\319816 | ||
| 090 | |a 294743 | ||
| 100 | |a 20150515d1859 m y0rusy50 ca | ||
| 101 | 1 | |a rus |c ger | |
| 102 | |a RU | ||
| 105 | |a a j 000zy | ||
| 200 | 0 | |a Т. 1 |e пер. с 3-го нем. изд. |f пер. И. Стебницкого | |
| 210 | |d 1859 | ||
| 215 | |a [3], 1219, XII, 144 с. |c ил., табл. | ||
| 300 | |a Печатать позволяется, с тем чтобы по отпечатании, представлено было в Цензурный Комитет, узаконенное число экземпляров. С. Петербург 2 Апреля дня, 1859 года. Цензор Палаузов | ||
| 300 | |a Текст в русской дореформенной орфографии | ||
| 300 | |a Раздельная пагинация страниц | ||
| 316 | |5 63413507: 8//428 |a На обороте авантитула дарственная надпись: "От Ремесленного Учебного Заведения воспитаннику 3 мастерского кл. Павлу Мальцеву в награду за благонравие и прилежание. Москва, 1867 года, июня 11 дня. Исправляющий должность Директора Инспектор классов Н. Кацауров" | ||
| 316 | |5 63413507: 8//428 |a На обороте авантитула дарственная надпись: "От А. М. Крылова в дар" | ||
| 316 | |5 63413507: 8//428 |a На обороте авантитула гербовая печать: "Комитет Ремесленного Учебного Заведения" | ||
| 316 | |5 63413507: 7//19 |a На форзаце экслибрис Библиотеки ТТИ | ||
| 316 | |5 63413507: 7//19 |a Владельческий переплет | ||
| 317 | |5 63413507: 8//428 |a Поступил в НТБ в 1907 г. в дар от профессора ТТИ А. М. Крылова | ||
| 317 | |5 63413507: 7//19 |a Поступил в НТБ в 1907 г. в дар от профессора ТТИ А. М. Крылова | ||
| 461 | 1 | |0 (RuTPU)RU\TPU\book\319813 |t Теоретическая и практическая механика |f Ю. Л. Вейсбах |v Т. 1 |d 1859-1864 | |
| 606 | 1 | |a Механика теоретическая |2 stltpush |3 (RuTPU)RU\TPU\subj\59441 |9 76991 | |
| 610 | 1 | |a общая механика | |
| 610 | 1 | |a движение простое | |
| 610 | 1 | |a движение сложное | |
| 610 | 1 | |a материальная точка | |
| 610 | 1 | |a статика твердых тел | |
| 610 | 1 | |a центр тяжести | |
| 610 | 1 | |a равновесие | |
| 610 | 1 | |a жесткость | |
| 610 | 1 | |a сопротивление трения | |
| 610 | 1 | |a упругость | |
| 610 | 1 | |a инерция | |
| 610 | 1 | |a центробежная сила | |
| 610 | 1 | |a сила тяжести | |
| 610 | 1 | |a теория удара | |
| 610 | 1 | |a равновесие | |
| 610 | 1 | |a вода | |
| 610 | 1 | |a воздух | |
| 610 | 1 | |a давление | |
| 610 | 1 | |a гидрометрия | |
| 610 | 1 | |a теория качаний | |
| 610 | 1 | |a учебные пособия | |
| 610 | 1 | |a дарственные надписи | |
| 610 | 1 | |a Коллекция А. М. Крылова | |
| 610 | 1 | |a владельческие знаки | |
| 675 | |a 531(075.8) |v 4 | ||
| 702 | 1 | |a Стебницкий |b И. |4 730 | |
| 801 | 1 | |a RU |b 63413507 |c 20150515 | |
| 801 | 2 | |a RU |b 63413507 |c 20210824 |g RCR | |
| 942 | |c BK | ||